Score 0/43 Timer 20:00
0 Plays Today
Hint Answer % Correct
the Brothers Grimm 'Fairy Tales' (1812), based on german folkloreHansel and Gretel
88.9%
Mark Twain's 'the Adventures of ___' (1876) and 'Adventures of ___' (1884)Tom Sawyer and Huckleberry Finn
88.9%
George Lucas' 'Star Wars' (1977)Luke Skywalker and Darth Vader
88.9%
F. Scott Fitzgerald's 'The Great __' (1925)Jay Gatsby
88.9%
Bob Kane and Bill Finger's 'Detective Comics' (1939)Batman
77.8%
Jerry Siegel and Joe Shuster's 'Action Comics' (1938)Superman
77.8%
Stanley Kubrick's '_____ or: How I Learned to Stop Worrying and Love the Bomb' (1964)Dr. Strangelove
77.8%
Hermann Melville's 'Moby Dick' (1851)Captain Ahab
66.7%
Homer's 'Iliad' (8th century BC)Helen and Achilles
66.7%
William Shakespeare's 'he Tragedy of __, the Moor of Venice' (1604)Othello
66.7%
Dr. Seuss' book of the same name (1957)The Cat in the Hat
66.7%
L. Frank Baum's 'The Wonderful Wizard of Oz' (1900)Dorothy Gale
66.7%
Harper Lee's 'To Kill a Mockingbird' (1960)Atticus Finch
55.6%
American political tradition (early 19th century)Uncle Sam
55.6%
Henry Wadsworth Longfellow's 'The Song of __' (1855), based on earlier indigenous american legendsHiawatha
55.6%
Arthur C. Clarke and Stanley Kubrick's '2001: A Space Odyssey' (1968)HAL 9000
44.4%
Jim Henson's 'Sam and Friends' (1955) Kermit the Frog
44.4%
Folklore of Hamelin, Germany (Medieval period)Pied Piper
44.4%
Robert Bloch's 'Psycho' (1959)Norman Bates
44.4%
Arthur Miller's 'Death of a Salesman' (1949)Willy Loman
44.4%
Sir Walter Scott's novel of the same name (1819)Ivanhoe
44.4%
Hans Christian Andersen's fairy tale of the same name (1844)The Ugly Duckling
33.3%
Hint Answer % Correct
Christian tradition, inspired by a 3rd century Roman saintSaint Valentine
33.3%
Chester Gould's comic strip of the same name (1931)Dick Tracy
33.3%
Michael Curtiz's 'Casablanca' (1942)Richard Blaine
22.2%
David Jacob's 'Dallas' (1978)J. R. Ewing
22.2%
Dashiell Hammett's 'The Maltese Falcon' (1930)Sam Spade
22.2%
J. M. Barrie's 'The Little White Bird'Peter Pan
22.2%
Arabic folklore Sinbad the Sailor
22.2%
Freeman Gosden and Charles Correll's radio sticom of the same name (1928)Amos 'n' Andy
22.2%
Jack London's 'The Call of the Wild' (1903)Buck
22.2%
Carolyn Keene's book of the same name (1930)Nancy Drew
11.1%
Erle Stanley Gardner's 'The Case of the Velvet Claws' (1933)Perry Mason
11.1%
Giaccomo Puccini's opera of the same name (1904), based on a 1898 book by John Luther LongMadame Butterfly
11.1%
Max Fleischer's 'Dizzy Dishes' cartoon (1930)Betty Boop
11.1%
Sinclair Lewis' novel of the same name (1926)Elmer Gantry
11.1%
American and Canadian lumberjack folklore (19th century)Paul Bunyan
11.1%
Edgar Wallace and Merian C. Cooper's film of the same name (1933)King Kong
0%
Philip Francis Nowlan's 'Armageddon 2419 A.D' (1928)Buck Rogers
0%
Ovid's 'Metamorphoses' (8 AD), based on earlier Greek mythologyPygmalion
0%
Fritz Lang's 'M – A City Searches for a Murderer' Hans Beckert
0%
Christian folklore (13th century)The Wandering Jew
0%
The Babylonian Talmud (c.4th century A.D), based on earlier Jewish folkloreLilith
0%
Remove Ads.
Support Sporcle.
Get the best of Sporcle when you Go Orange. This ad-free experience offers more features, more stats, and more fun while also helping to support Sporcle. Thank you for becoming a member.

You're not logged in!

Compare scores with friends on all Sporcle quizzes.
OR
Log In

Sporcle TV

Today on Sporcle TV


Watch our educational content, quiz creation guides, and fun videos on Sporcle TV.

Show Comments

Extras

Created May 12, 2020ReportNominate
Tags:influential, Lived, Never, Pt 2

Top Quizzes Today


Score Distribution

Paid Content

Your Account Isn't Verified!

In order to create a playlist on Sporcle, you need to verify the email address you used during registration. Go to your Sporcle Settings to finish the process.

Report this User

Report this user for behavior that violates our Community Guidelines.

Details: